000 00812nam a2200253 a 4500
999 _c842
_d842
001 842
003 BD-JhCC
005 20171010181241.0
008 171010s2015 bg a|||| |||| 000 0 ben d
020 _a9789848765166
035 _a(BD-JhCC) 842
040 _aBD-JhCC
_dBD-JhCC
041 _aben
082 _a915.4
_bSHA 2015
100 _aশাহনাওয়াজ, এ কে এম
245 _aপ্রাচীন ভারত /
_bএ কে এম শাহনাওয়াজ,
260 _aঢাকা :
_bপ্রথমা প্রকাশন,
_c২০১৫.
300 _a31 p. :
_bill. ;
_c24 cm.
490 _aপ্রাচীন সভ্যতা সিরিজ ৪
651 _aIndus civilization
651 _aAsia
_xIndus River Valley
942 _2ddc
_cBK